| 000 | 01866nam a22003017a 4500 | ||
|---|---|---|---|
| 003 | DO-SdBNP | ||
| 005 | 20240305121802.0 | ||
| 007 | ta | ||
| 008 | 210702e2017 dr r r 00| e spa spa d | ||
| 020 | _a9789945899627 | ||
| 040 |
_aDO-SdBNP _bspa _cBNPHU |
||
| 082 | 4 |
_a342.729302 _bV156d _222 |
|
| 100 | 1 |
_aValentín Jiminían, Julio César, _d1966- _915248 |
|
| 245 | 1 | 0 |
_aDimensiones liberales y progresistas de la constitución de 1963 / _cJulio César Valentín Jiminián. |
| 260 |
_aSanto Domingo : _bAlfa y Omega, _c2017. |
||
| 300 |
_a294 p. : _c23 cm. |
||
| 500 | _aIncluye datos biográficos del autor en la solapa de la cubierta | ||
| 500 | _aIncluye referencias bibliográficas y notas al pie de las paginas. | ||
| 500 | _aIncluye índice onomástico. | ||
| 504 | _aBibliografía : p. 183-193 | ||
| 505 | 0 |
_tDedicatoria.-- _tÍndice -- _tJulio César Valentín y la Constitución de Bosch.-- _tNotas del autor.-- _tA modo de introducción.-- _tI. Liberalismo, Constitución y progreso.-- _tII. Notas dominantes del constitucionalismo dominicano.-- _tIII. Aspiraciones liberales y progresistas del triunfo de Bosch.-- _tIV. Matices progresistas de la Carta Magna de 1963. De los enunciados a los hechos concretos. Constitucionalismo social y otros contenidos progresistas: manzana de la discordia. El trabajo, los trabajadores y los excluidos. La familia, la educación y la salud. La propiedad y la economía social. -- _tV. Legado democrático e histórico del constitucionalismo de 1963.-- _tBibliografía -- _tÍndice onomástico -- _tAnexos |
|
| 590 | _aInventariado 2022 / YL | ||
| 610 | 1 | 0 |
_aRepública Dominicana. _tConstitución (1963) _979608 |
| 651 | 4 |
_aRepública Dominicana _xConstitución _91008 |
|
| 651 | 4 |
_aRepública Dominicana _xDerecho constitucional _99303 |
|
| 910 | _aYLockward/Validado. Control de calidad MFF | ||
| 942 |
_2ddc _cLBS1 |
||
| 999 |
_c51752 _d51752 |
||